00836nam a2200217 a 4500003000200000005001700002008004100019050003200060100002100092245005500113260009200168300004800260504004100308650001300349650003200362650003600394650002500430942001400455999001700469952013200486020250618110040.0021120s19uu xx 00 eng d aPGS HV 5770.P5b.Ab166 2000 aAbundo, Dandy S. aThe profile of Filipino smoker /cDandy S. Abundo. aLas Piñas City, Philippines : bSouthville International School and Colleges,c2000. a28 pages :bcolored illustrations ;c28 cm. aIncludes bibliographical references. aSmoking. aSmokersvSocial conditions. aSmokingvPsychological aspects. aSmokingvPrevention. 2lcccPASS c96301d96301 00102lcc40aLUXbLUXcPASSd2002-11-20eDONATIONl0oPGS HV 5770.P5 .Ab166 2000pP0239r2014-04-08 00:00:00w2014-04-08yPASS